LEADER 00767nam0-2200289 --450 001 9910316159903321 005 20190418111008.0 010 $a978-88-14-21923-8 020 $aIT$b2017-7976 100 $a20190418d2017----kmuy0itay5050 ba 101 0 $aita 102 $aIT 105 $a 001yy 200 1 $aDiritto tributario europeo$fPietro Boria 205 $a3. ed. 210 $aMilano$cGiuffrè$d2017 215 $aXXVII, 514 p.$d24 cm 610 0 $aTributi$aDiritto comunitario 676 $a343.2403$v23 700 1$aBoria,$bPietro$0239071 801 0$aIT$bUNINA$gREICAT$2UNIMARC 901 $aBK 912 $a9910316159903321 952 $aX N3 191$b2018/67$fFGBC 959 $aFGBC 996 $aDiritto tributario europeo$941651 997 $aUNINA LEADER 02964oam 2200805I 450 001 9910450944103321 005 20200520144314.0 010 $a0-415-36991-6 010 $a1-134-20080-3 010 $a1-280-07799-9 010 $a0-203-64418-2 024 7 $a10.4324/9780203644188 035 $a(CKB)1000000000254343 035 $a(EBL)200792 035 $a(OCoLC)475912280 035 $a(SSID)ssj0000289071 035 $a(PQKBManifestationID)11242728 035 $a(PQKBTitleCode)TC0000289071 035 $a(PQKBWorkID)10386013 035 $a(PQKB)11061109 035 $a(MiAaPQ)EBC200792 035 $a(Au-PeEL)EBL200792 035 $a(CaPaEBR)ebr10161544 035 $a(CaONFJC)MIL7799 035 $a(OCoLC)56557940 035 $a(EXLCZ)991000000000254343 100 $a20180706d2004 uy 0 101 0 $aeng 135 $aur|n|---||||| 181 $ctxt 182 $cc 183 $acr 200 14$aThe archaeology of the colonized /$fMichael Given 210 1$aLondon ;$aNew York :$cRoutledge,$d2004. 215 $a1 online resource (200 p.) 300 $aDescription based upon print version of record. 311 $a0-203-69410-4 311 $a0-415-36992-4 320 $aIncludes bibliographical references (p. 167-184) and index. 327 $aBOOK COVER; TITLE; COPYRIGHT; CONTENTS; ILLUSTRATIONS; ACKNOWLEDGEMENTS; 1 INTRODUCTION; 2 RESISTANCE ? AGENCY ? LANDSCAPE ? NARRATIVE; 3 THE ARCHAEOLOGY OF TAXATION; 4 THE SETTLEMENT OF EMPIRE; 5 LIVING BETWEEN LINES; 6 THE DOMINATED BODY; 7 THE PATRON SAINT OF TAX EVADERS; 8 LANDSCAPES OF RESISTANCE; 9 CONCLUSION; BIBLIOGRAPHY; INDEX; 330 $aThis book investigates the experience of the colonized in their landscape setting, and proposes an 'archaeology of taxation' to investigate the relationship between local community and central control. 606 $aArchaeology and history 606 $aSocial archaeology 606 $aColonies$xHistory 606 $aColonization$xSocial aspects$xHistory 606 $aLandscape archaeology 606 $aTaxation$xSocial aspects$xHistory 606 $aEconomic anthropology 606 $aPeasants$xHistory 606 $aWorking class$xHistory 606 $aSocial control$xHistory 608 $aElectronic books. 615 0$aArchaeology and history. 615 0$aSocial archaeology. 615 0$aColonies$xHistory. 615 0$aColonization$xSocial aspects$xHistory. 615 0$aLandscape archaeology. 615 0$aTaxation$xSocial aspects$xHistory. 615 0$aEconomic anthropology. 615 0$aPeasants$xHistory. 615 0$aWorking class$xHistory. 615 0$aSocial control$xHistory. 676 $a336.2/009171/9 700 $aGiven$b Michael$f1965-,$0925884 801 0$bFlBoTFG 801 1$bFlBoTFG 906 $aBOOK 912 $a9910450944103321 996 $aThe archaeology of the colonized$92078838 997 $aUNINA